The teacher's guide to satellite 1 /

Guardado en:
Autor Principal: Genijovich, Ana Rosa R de, Dir.
Formato: Libro
Publicado: Buenos Aires : Kapelusz, 1982
Materias:
Etiquetas: Agregar Etiqueta
Sin Etiquetas, Sea el primero en etiquetar este registro!
LEADER 00486nam a22001575a 4500
001 CEM.cems002831
005 20060221000000.0
008 130507s1982##################000#0#####d
003 CEMS
082 0 4 |a 428.64 
100 1 |a Genijovich, Ana Rosa R de, Dir. 
245 1 0 |a The teacher's guide to satellite 1 /  |c Ana Rosa R de Genijovich 
260 |a Buenos Aires :  |b Kapelusz,  |c 1982 
300 |a 45 p. 
653 |a Ingles-enseñanza 
859 |a CEMS  |b BIB. CEMS - 11 de abril  |h 428.64  |i Sa82-2/I  |p 11060.82  |t Ej.1